Mob Breeding Items - Statistics

General Stats
  • This quiz has been taken 37 times
  • The average score is 16 of 22
Answer Stats
Hint Answer % Correct
Panda Bamboo
96%
Cow Wheat
91%
Rabbit Carrot / Golden Carrot / Garrot / Dandelion
87%
Camel Cactus
83%
Tamed Wolf Raw Porkchop / Cooked Porkchop / Porkchop / Raw Beef / Cooked Beef / Beef / Raw Mutton / Cooked Mutton / Mutton / Raw Chicken / Cooked Chicken / Raw Rabbit / Cooked Rabbit / Raw Salmon / Cooked Salmon / Rabbit / Chicken / Salmon / Raw Cod / Cooked Cod / Rabbit Stew / Tropical Fish / Pufferfish / Rotten Flesh / Flesh
83%
Goat Wheat
83%
Mooshroom Wheat
83%
Sheep Wheat
83%
Bee Allium / Azure Bluet / Blue Orchid / Cornflower / Dandelion / Lily of the Valley / Oxeye Daisy / Poppy / Torchflower / Tulip / Lilac / Peony / Pitcher Plant / Rose Bush / Sunflower / Cherry Leaves / Chorus Flower / Flowering Azalea / Flowering Azalea Leaves / Mangrove Propagule / Pink Petals / Spore Blossom / Wildflowers / Cactus Flower
78%
Pig Carrot / Beetroot / Potato
78%
Turtle Seagrass
78%
Armadillo Spider Eye
78%
Tamed Horse Golden Apple / Gapple / Golden Carrot / Garrot / Enchanted Golden Apple / Egap / E-gap
74%
Tamed Cat / Ocelot Raw Cod / Raw Salmon / Salmon / Cod
74%
Fox Sweet Berries / Glow Berries
70%
Strider Warped Fungus
65%
Chicken Wheat Seeds / Pumpkin Seeds / Melon Seeds / Beetroot Seeds / Torchflower Seeds / Pitcher Pod
65%
Frog Slimeball
57%
Hoglin Crimson Fungus
52%
Llama / Trader Llama Hay Bale / Hay Block
48%
Axolotl Bucket of Tropical Fish
39%
Sniffer Torchflower Seeds
22%
No matching quizzes found
Score Distribution
Percent of People with Each Score
Percentile by Number Answered
Your Score History
You have not taken this quiz